[Event "39th Nezhmetdinov Mem"]
[Site "Kazan RUS"]
[Date "2017.05.31"]
[Round "1.1"]
[White "Gabitov, Ruslan"]
[Black "Kokarev, Dmitry"]
[Result "0-1"]
[BlackTitle "GM"]
[WhiteElo "2103"]
[BlackElo "2640"]
[WhiteFideId "4188136"]
[BlackFideId "4132181"]
[EventDate "2017.05.31"]

1. e4 c5 2. Nf3 d6 3. Bb5+ Nd7 4. d4 cxd4 5. Qxd4 a6 6. Bxd7+ Bxd7 7. O-O Nf6 8.
Bg5 h6 9. Bxf6 gxf6 10. c4 Rc8 11. Nc3 e6 12. Rfe1 Be7 13. b3 Qa5 14. a4 Rg8 15.
Qd3 Qh5 16. Nd4 Qg4 17. Qf3 f5 18. Rad1 Bf6 19. Kh1 Qxf3 20. gxf3 f4 21. Nce2
Be5 22. Rg1 Ke7 23. Rg4 Rg6 24. Rdg1 Rcg8 25. a5 h5 26. R4g2 Rxg2 27. Rxg2 Rg6
28. Nc2 d5 29. cxd5 exd5 30. Nb4 dxe4 31. Nd5+ Kd6 32. Rxg6+ fxg6 33. fxe4 g5
34. Kg2 Be6 35. Nec3 Bxc3 36. Nxc3 Bxb3 37. f3 Ke5 38. Kf2 g4 39. Nb1 Kd4 40.
Nd2 Bd1 41. h3 g3+ 42. Kg2 Kd3 43. Nf1 h4 0-1

[Event "39th Nezhmetdinov Mem"]
[Site "Kazan RUS"]
[Date "2017.05.31"]
[Round "1.2"]
[White "Smirnov, Pavel"]
[Black "Mishin, Viacheslav"]
[Result "1-0"]
[WhiteTitle "GM"]
[WhiteElo "2589"]
[BlackElo "2092"]
[WhiteFideId "4123425"]
[BlackFideId "24198366"]
[EventDate "2017.05.31"]

1. d4 d5 2. c4 e6 3. Nf3 c5 4. cxd5 exd5 5. Nc3 Nc6 6. dxc5 d4 7. Na4 Bxc5 8.
Nxc5 Qa5+ 9. Bd2 Qxc5 10. e3 dxe3 11. Bxe3 Qb4+ 12. Qd2 Qxd2+ 13. Nxd2 Nge7 14.
Bc4 O-O 15. O-O Ne5 16. Bb3 N7c6 17. Ne4 Rd8 18. Rfd1 Bg4 19. f3 Bh5 20. Bg5 Rd4
21. Bd5 Bg6 22. Nc3 h6 23. Be3 Rxd1+ 24. Rxd1 Rd8 25. h3 Bc2 26. Rd2 Nb4 27.
Bxa7 Bd3 28. Bb3 Nbc6 29. Bf2 Na5 30. Bd5 Nac4 31. Rxd3 Nxd3 32. Bxc4 Nxf2 33.
Kxf2 Rd2+ 34. Kg3 Rxb2 35. Bb3 g5 36. Ne4 b6 37. Nd6 Kg7 38. Nxf7 Kg6 39. Ne5+
Kf5 40. Nc4 1-0

[Event "39th Nezhmetdinov Mem"]
[Site "Kazan RUS"]
[Date "2017.05.31"]
[Round "1.3"]
[White "Markelova, Lubov"]
[Black "Timofeev, Artyom"]
[Result "0-1"]
[WhiteTitle "WFM"]
[BlackTitle "GM"]
[WhiteElo "2083"]
[BlackElo "2555"]
[WhiteFideId "24131369"]
[BlackFideId "4140419"]
[EventDate "2017.05.31"]

1. Nf3 Nf6 2. c4 e6 3. Nc3 d5 4. d4 c6 5. e3 Nbd7 6. Qc2 Bd6 7. Be2 O-O 8. b3
dxc4 9. bxc4 e5 10. O-O Re8 11. Re1 Qe7 12. a4 Nf8 13. dxe5 Bxe5 14. Ba3 Bd6 15.
Bxd6 Qxd6 16. Red1 Qe7 17. Nd4 a5 18. Rab1 g6 19. h3 N8d7 20. Qd2 Nc5 21. Rb2
Be6 22. Nb3 Red8 23. Qc1 Nfd7 24. Nxc5 Nxc5 25. Rbd2 Rxd2 26. Qxd2 f6 27. Qd4
Bf7 28. Bf3 Re8 29. g3 Kg7 30. h4 Qe5 31. Kg2 Re7 32. Qxe5 Rxe5 33. Be2 f5 34.
Rd6 Re8 35. Rd4 Ra8 36. g4 fxg4 37. Bxg4 Ra6 38. Ne4 Nxe4 39. Rxe4 Rb6 40. Re5
Rb4 41. Rxa5 Bxc4 42. Bd1 Kf6 43. Kg3 Bd5 44. Ra8 c5 45. Rd8 Be6 46. a5 Rb1 47.
Bf3 c4 48. Be4 Rg1+ 49. Kf4 c3 50. Rd3 c2 0-1

[Event "39th Nezhmetdinov Mem"]
[Site "Kazan RUS"]
[Date "2017.05.31"]
[Round "1.4"]
[White "Pridorozhni, Aleksei"]
[Black "Varshini, V"]
[Result "1-0"]
[WhiteTitle "GM"]
[BlackTitle "WFM"]
[WhiteElo "2540"]
[BlackElo "2050"]
[WhiteFideId "4127870"]
[BlackFideId "5091241"]
[EventDate "2017.05.31"]

1. e4 c5 2. Nf3 d6 3. c3 Nf6 4. h3 e6 5. Bd3 Be7 6. Bc2 Nc6 7. O-O O-O 8. d4
cxd4 9. cxd4 Nb4 10. Nc3 Nxc2 11. Qxc2 d5 12. e5 Nd7 13. Bf4 a6 14. Qd2 Re8 15.
Bg5 Nf8 16. Bxe7 Rxe7 17. Ne1 Rc7 18. f4 Ng6 19. Nc2 Ne7 20. g4 Bd7 21. Ne3 Rac8
22. f5 b5 23. f6 Ng6 24. Ne2 Qf8 25. Rad1 gxf6 26. Rxf6 Qh6 27. Kh2 b4 28. Rf2
Qh4 29. Ng3 Ba4 30. Rg1 Nf4 31. Rxf4 Rc2 32. Nxc2 Rxc2 33. Rg2 Rxd2 34. Rxd2 Qg5
35. Rdf2 Bc2 36. Rxf7 Bg6 37. R7f4 Kg7 38. b3 Qd8 39. Nh5+ Kh6 40. Nf6 Qc7 41.
h4 Qc1 42. h5 Bd3 43. g5+ Kxg5 44. Rg4+ Kh6 45. Rfg2 Bf5 46. Ng8+ Kxh5 47. Nf6+ 1-0

[Event "39th Nezhmetdinov Mem"]
[Site "Kazan RUS"]
[Date "2017.05.31"]
[Round "1.5"]
[White "Suleimanov, Albert"]
[Black "Shyam, Sundar M."]
[Result "0-1"]
[BlackTitle "GM"]
[WhiteElo "2050"]
[BlackElo "2535"]
[WhiteFideId "24198749"]
[BlackFideId "5019141"]
[EventDate "2017.05.31"]

1. d4 Nf6 2. c4 e6 3. g3 d5 4. Nf3 dxc4 5. Bg2 Nbd7 6. O-O Rb8 7. Qa4 b5 8. Qa5
Nd5 9. Bd2 c5 10. Qxd8+ Kxd8 11. e4 Nb4 12. Na3 Nd3 13. d5 e5 14. Ng5 Ke8 15. f4
h6 16. Nxf7 Kxf7 17. fxe5+ Ke8 18. e6 N7e5 19. Nc2 b4 20. Bf4 Bd6 21. Ne3 Rf8
22. Nf5 Rxf5 23. exf5 Nxf4 24. gxf4 Nd3 25. Be4 Nxf4 26. Kh1 Ke7 27. Rg1 Kf6 28.
Raf1 c3 29. bxc3 bxc3 30. Rb1 Rb4 31. Rge1 Bb7 32. Red1 Bxd5 0-1

[Event "39th Nezhmetdinov Mem"]
[Site "Kazan RUS"]
[Date "2017.05.31"]
[Round "1.6"]
[White "Frolyanov, Dmitry"]
[Black "Zlachevskiy, Leonid"]
[Result "1-0"]
[WhiteTitle "GM"]
[WhiteElo "2534"]
[BlackElo "2046"]
[WhiteFideId "4151976"]
[BlackFideId "4141180"]
[EventDate "2017.05.31"]

1. e4 e5 2. Nf3 d6 3. d4 Nf6 4. Nc3 Nbd7 5. Bc4 Be7 6. O-O O-O 7. a4 c6 8. Re1
Rb8 9. h3 b6 10. Be3 a6 11. Ba2 b5 12. axb5 axb5 13. b4 Bb7 14. Rb1 Ba8 15. Qd3
h6 16. Red1 Re8 17. Qe2 exd4 18. Nxd4 Bf8 19. Nf5 Qc7 20. Qf3 Ne5 21. Nxh6+ gxh6
22. Qxf6 Nc4 23. Bxc4 bxc4 24. Bd4 Re5 25. Bxe5 dxe5 26. Qf5 Bb7 27. Rd7 1-0

[Event "39th Nezhmetdinov Mem"]
[Site "Kazan RUS"]
[Date "2017.05.31"]
[Round "1.7"]
[White "Terentev, Mikhail"]
[Black "Swapnil, S. Dhopade"]
[Result "0-1"]
[BlackTitle "GM"]
[WhiteElo "2045"]
[BlackElo "2533"]
[WhiteFideId "24183814"]
[BlackFideId "5019184"]
[EventDate "2017.05.31"]

1. e4 c6 2. d4 d5 3. Nc3 dxe4 4. Nxe4 Bf5 5. Ng3 Bg6 6. h4 h6 7. Nf3 e6 8. h5
Bh7 9. Bd3 Bxd3 10. Qxd3 Nf6 11. Bd2 c5 12. O-O-O Nc6 13. Bc3 Qd5 14. Kb1 c4 15.
Qe2 b5 16. Ne5 b4 17. Be1 Rd8 18. Nxc4 Nxd4 19. Ne3 Nxe2 20. Nxd5 Rxd5 21. Rxd5
Nxg3 22. Rb5 Nxh1 23. Rb8+ Kd7 24. Rb7+ Kc6 25. Rxa7 Bc5 26. Rxf7 Rd8 0-1

[Event "39th Nezhmetdinov Mem"]
[Site "Kazan RUS"]
[Date "2017.05.31"]
[Round "1.8"]
[White "Lintchevski, Daniil"]
[Black "Novikov, Roman"]
[Result "1-0"]
[WhiteTitle "GM"]
[WhiteElo "2532"]
[BlackElo "2037"]
[WhiteFideId "4171055"]
[BlackFideId "24198498"]
[EventDate "2017.05.31"]

1. Nf3 Nf6 2. c4 g6 3. g3 Bg7 4. Bg2 O-O 5. O-O c6 6. d4 d5 7. Qb3 dxc4 8. Qxc4
Nbd7 9. Qc2 Nb6 10. e4 Bg4 11. Be3 Qc8 12. Re1 Bxf3 13. Bxf3 Ng4 14. Bxg4 Qxg4
15. Nd2 e5 16. dxe5 Bxe5 17. Nb3 f5 18. f4 Bc7 19. Bc5 Rfe8 20. exf5 gxf5 21.
Nd4 Bxf4 22. Nxf5 Nd5 23. Rad1 Qg6 24. Kh1 Bg5 25. g4 Rxe1+ 26. Rxe1 Re8 27.
Nh6+ Kh8 28. Bd4+ Bf6 29. Rxe8+ Qxe8 30. Bxf6+ Nxf6 31. Kg2 Qe3 32. Nf5 Nxg4 33.
h3 Qf4 34. hxg4 Qxg4+ 35. Ng3 Kg7 36. Qc5 Qa4 37. Qe7+ Kg8 38. Qd8+ Kf7 39. Qd7+
Kf6 40. Qxb7 Qxa2 41. Qxc6+ Ke5 42. Qc3+ Kd5 43. Nf5 a5 44. Kf3 a4 45. Ne3+ Kd6
46. Kf4 Qa1 47. Nc4+ Kd5 48. Nb6+ Kd6 49. Qd4+ Ke6 50. Qd7+ Kf6 51. Nd5+ Kg6 52.
Ke4 1-0

[Event "39th Nezhmetdinov Mem"]
[Site "Kazan RUS"]
[Date "2017.05.31"]
[Round "1.9"]
[White "Vorobiev, Sergey"]
[Black "Moiseenko, Vadim"]
[Result "0-1"]
[BlackTitle "IM"]
[WhiteElo "2031"]
[BlackElo "2528"]
[WhiteFideId "24262080"]
[BlackFideId "4123700"]
[EventDate "2017.05.31"]

1. d4 Nf6 2. Bf4 d5 3. e3 c5 4. c3 Nc6 5. Nd2 Bf5 6. Qb3 Qd7 7. Ngf3 c4 8. Qd1
e6 9. Nh4 Be4 10. Nxe4 Nxe4 11. Nf3 b5 12. Qc2 Bd6 13. Be2 O-O 14. O-O f5 15.
Nd2 Nf6 16. Bxd6 Qxd6 17. f4 Ne4 18. Nxe4 fxe4 19. g4 h6 20. h4 g5 21. hxg5 hxg5
22. Qd2 Rf6 23. Rf2 Raf8 24. Raf1 Ne7 25. fxg5 Rxf2 26. Rxf2 Rxf2 27. Kxf2 Qh2+
28. Kf1 Kg7 29. Qe1 Kg6 30. Qf2 Qh1+ 31. Qg1 Qxg1+ 32. Kxg1 Kxg5 33. Kg2 Kh4 34.
g5 Kxg5 35. Kf2 e5 36. Bd1 exd4 37. cxd4 Nc6 38. a3 b4 39. Ba4 b3 40. Ke2 c3 41.
Bxb3 cxb2 42. Ba2 Kg4 43. Kd2 Kf3 44. Kc2 Ne7 0-1

[Event "39th Nezhmetdinov Mem"]
[Site "Kazan RUS"]
[Date "2017.05.31"]
[Round "1.10"]
[White "Maiorov, Nikita1"]
[Black "Murzin, Lenar"]
[Result "1-0"]
[WhiteTitle "GM"]
[BlackTitle "IM"]
[WhiteElo "2527"]
[BlackElo "2028"]
[WhiteFideId "13501720"]
[BlackFideId "4116461"]
[EventDate "2017.05.31"]

1. d4 d5 2. c4 dxc4 3. Nf3 Nf6 4. e3 e6 5. Bxc4 c5 6. O-O a6 7. dxc5 Qxd1 8.
Rxd1 Bxc5 9. Nfd2 O-O 10. Nb3 Be7 11. Nc3 b6 12. e4 Bb7 13. f3 Rc8 14. Be2 Nbd7
15. Be3 Rc7 16. Na4 b5 17. Nb6 Rb8 18. g4 h6 19. h4 Nxb6 20. Bxb6 Rc2 21. Bd3
Rcc8 22. Ba7 Ra8 23. Be3 Rc7 24. Na5 Nd7 25. Rac1 Rxc1 26. Rxc1 Ne5 27. Be2 Bc8
28. f4 Bd8 29. Nb3 Nd7 30. g5 hxg5 31. hxg5 Bb7 32. Rd1 Nf8 33. Bf3 Bc7 34. Nc5
Bb6 35. Kf2 Bc6 36. Nd3 Bxe3+ 37. Kxe3 Rd8 38. b4 Bb7 39. Rc1 Rc8 40. Rxc8 Bxc8
41. e5 Nd7 42. Kd4 Kf8 43. Nc5 Nb6 44. Nb7 Ke7 45. Nd6 Bd7 46. Bb7 f6 47. a3 f5
48. Bxa6 Bc6 49. Nc8+ 1-0

[Event "39th Nezhmetdinov Mem"]
[Site "Kazan RUS"]
[Date "2017.06.01"]
[Round "2.1"]
[White "Kokarev, Dmitry"]
[Black "Ponfilenok, Vladimir"]
[Result "1-0"]
[WhiteTitle "GM"]
[WhiteElo "2640"]
[BlackElo "2375"]
[WhiteFideId "4132181"]
[BlackFideId "24113522"]
[EventDate "2017.05.31"]

1. e4 e6 2. d4 d5 3. Nc3 Bb4 4. e5 c5 5. a3 Bxc3+ 6. bxc3 Ne7 7. Qg4 O-O 8. Bd3
Nbc6 9. Qh5 Ng6 10. Nf3 Qc7 11. Be3 c4 12. Bxg6 fxg6 13. Qg4 Rf5 14. h4 Qe7 15.
Ng1 Bd7 16. Ne2 Be8 17. a4 Rf8 18. Bc1 Qf7 19. Ba3 Qf5 20. f3 Rf7 21. Kd2 Rc8
22. Qg5 Nd8 23. a5 a6 24. Qe3 h6 25. Rh3 Rd7 26. g4 Qf7 27. Rah1 Nc6 28. h5 Ne7
29. hxg6 Nxg6 30. g5 Ne7 31. gxh6 Nf5 32. Qg5 g6 33. Nf4 Kh7 34. R3h2 Rc6 35.
Nh3 Nxd4 36. cxd4 Qxf3 37. Qf4 c3+ 38. Ke1 Qxf4 39. Nxf4 b6 40. Nh3 Kxh6 41.
Bf8+ Kh5 42. Rg2 1-0

[Event "39th Nezhmetdinov Mem"]
[Site "Kazan RUS"]
[Date "2017.06.01"]
[Round "2.2"]
[White "Raja, Harshit"]
[Black "Smirnov, Pavel"]
[Result "0-1"]
[BlackTitle "GM"]
[WhiteElo "2334"]
[BlackElo "2589"]
[WhiteFideId "5089000"]
[BlackFideId "4123425"]
[EventDate "2017.05.31"]

1. e4 g6 2. d4 Bg7 3. Nf3 d6 4. Nc3 Nf6 5. Be2 O-O 6. O-O c6 7. a4 Qc7 8. h3
Nbd7 9. Be3 b6 10. Qd2 Bb7 11. a5 b5 12. a6 Bc8 13. b4 Nb6 14. d5 Bd7 15. Nd4
cxd5 16. Ndxb5 Bxb5 17. Nxb5 Qc6 18. Nd4 Qc8 19. exd5 Nfxd5 20. Ra5 Nxe3 21.
fxe3 Nc4 22. Bxc4 Qxc4 23. Qd3 Rfc8 24. Rb5 e5 25. Nf3 Qxc2 26. Qxc2 Rxc2 27.
Rb7 Bh6 28. e4 Rac8 29. Ne1 Re2 30. Rfxf7 Rc1 31. Rf1 Be3+ 0-1

[Event "39th Nezhmetdinov Mem"]
[Site "Kazan RUS"]
[Date "2017.06.01"]
[Round "2.3"]
[White "Timofeev, Artyom"]
[Black "Bryakin, Mikhail"]
[Result "1/2-1/2"]
[WhiteTitle "GM"]
[BlackTitle "FM"]
[WhiteElo "2555"]
[BlackElo "2338"]
[WhiteFideId "4140419"]
[BlackFideId "4165314"]
[EventDate "2017.05.31"]

1. d4 d5 2. c4 c6 3. Nf3 Nf6 4. Qb3 e6 5. Nc3 dxc4 6. Qxc4 b5 7. Qd3 Bb7 8. e4
a6 9. e5 Nd5 10. Bg5 Qb6 11. Nxd5 cxd5 12. Be2 h6 13. Bd2 Nc6 14. O-O Be7 15.
Rac1 Rc8 16. h4 g6 17. Rfd1 Kd7 18. a3 b4 19. axb4 Nxb4 20. Qe3 a5 21. Qf4 Rxc1
22. Rxc1 Rh7 23. g3 Ba6 24. Bxa6 Qxa6 25. Bxb4 Bxb4 26. Qe3 Rh8 27. Kg2 Qb5 28.
Qf4 Rh7 29. Rc2 Be7 30. Qc1 Qb7 31. Qe1 Qb4 32. Qc1 Qb7 33. Ne1 Rh8 34. Qf4 Ke8
35. Nd3 Kf8 36. Nc5 Qc6 37. Qd2 Qb5 38. Qd3 Qxd3 39. Nxd3 Kg7 40. Rc7 Re8 41.
Ra7 Bb4 42. Nxb4 axb4 43. Rb7 Rc8 44. Rxb4 Rc2 45. Kf3 h5 46. Rb7 Rc4 47. Ke3
Rc2 48. b4 Rc4 49. Kd3 Kg8 50. b5 Rb4 51. Kc3 Rb1 52. b6 Kf8 53. f3 Kg8 54. Rb8+
Kg7 55. b7 Rb6 56. Kd2 Rb3 57. Ke2 Kh7 58. Kf2 Kg7 59. g4 hxg4 60. fxg4 Kh7 61.
h5 g5 1/2-1/2

[Event "39th Nezhmetdinov Mem"]
[Site "Kazan RUS"]
[Date "2017.06.01"]
[Round "2.4"]
[White "Tokarev, Ilya"]
[Black "Pridorozhni, Aleksei"]
[Result "0-1"]
[WhiteTitle "FM"]
[BlackTitle "GM"]
[WhiteElo "2323"]
[BlackElo "2540"]
[WhiteFideId "4149041"]
[BlackFideId "4127870"]
[EventDate "2017.05.31"]

1. d4 e6 2. Nf3 Nf6 3. Bf4 c5 4. e3 Nc6 5. Nbd2 d5 6. c3 Bd6 7. Bg3 O-O 8. Bd3
b6 9. O-O Bxg3 10. hxg3 Bb7 11. a3 Qd6 12. b4 e5 13. Bb1 e4 14. Nh2 c4 15. Re1
Rae8 16. Ndf1 h5 17. f4 Bc8 18. Kf2 Ne7 19. Ke2 Bd7 20. Kd2 a5 21. Bc2 Ra8 22.
Ba4 b5 23. Bc2 Ra6 24. Qb1 Rfa8 25. Qb2 Qc7 26. Reb1 Qa7 0-1

[Event "39th Nezhmetdinov Mem"]
[Site "Kazan RUS"]
[Date "2017.06.01"]
[Round "2.5"]
[White "Shyam, Sundar M."]
[Black "Samusenko, Maksim"]
[Result "0-1"]
[WhiteTitle "GM"]
[BlackTitle "FM"]
[WhiteElo "2535"]
[BlackElo "2325"]
[WhiteFideId "5019141"]
[BlackFideId "4112253"]
[EventDate "2017.05.31"]

1. e4 d6 2. d4 Nf6 3. Nc3 e5 4. Nf3 Nbd7 5. Bc4 Be7 6. a4 O-O 7. O-O a6 8. a5
exd4 9. Nxd4 Ne5 10. Be2 c5 11. Nb3 Be6 12. Bf4 Nc6 13. Nd5 Nxe4 14. Nxe7+ Nxe7
15. f3 Nf6 16. Qxd6 c4 17. Nc5 Bd5 18. Qxd8 Raxd8 19. Rfd1 h6 20. Rd2 Rfe8 21.
Kf2 Rc8 22. Na4 Be6 23. Nb6 Rc6 24. Be5 Ng6 25. Bd4 Re7 26. Ra4 Rec7 27. Bc3 Rc5
28. Rd4 Nd5 29. Nxd5 Bxd5 30. Ra1 Be6 31. g4 Ne5 32. Rd6 Ng6 33. Kg3 h5 34. h4
Ne7 35. Rd8+ Kh7 36. Bb4 Rd5 37. Bd6 Rc8 38. Rxc8 Nxc8 39. Bb4 Rb5 40. Bc3 Rc5
41. Rd1 Ne7 42. Bb4 Re5 43. Bf1 Nc6 44. Bc3 Rb5 45. Ra1 Nb4 46. Ra4 Nxc2 47. Kf2
hxg4 48. fxg4 Rc5 49. Be2 Bd5 50. h5 g6 51. Kg3 gxh5 52. gxh5 Ne3 53. Kf4 Bc6
54. Ra1 Nd5+ 55. Kg3 Nxc3 56. bxc3 Re5 57. Kf2 Kh6 58. Ra2 Re4 59. Rd2 Rf4+ 60.
Kg3 Rf5 61. Ra2 Bd5 62. Rd2 Be6 63. Ra2 Rb5 64. Kf4 Rb3 65. Rc2 Ra3 66. Rb2 Rxc3
67. Rxb7 Ra3 68. Rb6 Rxa5 69. Ke3 Kg7 70. Rc6 Ra4 71. Kd4 Ra2 72. Ke3 a5 73.
Bxc4 Rc2 74. Bb5 Rxc6 75. Bxc6 Bb3 76. Kd2 a4 77. Kc3 Bd1 78. Kd2 Bb3 79. Kc3
Kh6 80. Kb2 f6 81. Bf3 Kg5 82. Ka3 Bc2 83. Kb2 Bb3 84. Ka3 f5 85. Kb4 Bc2 86.
Ka3 Be4 87. Bd1 Bc6 88. Kb2 Be8 89. Ka3 f4 90. Kb4 Bc6 91. Ka3 Bd7 92. Kb4 Be8
93. Ka3 Bxh5 94. Bxa4 f3 95. Kb4 f2 96. Bb5 Kf4 97. Kc3 Ke3 98. Bf1 Be2 99. Bg2
Kf4 100. Kd2 Kg3 0-1

[Event "39th Nezhmetdinov Mem"]
[Site "Kazan RUS"]
[Date "2017.06.01"]
[Round "2.6"]
[White "Sadhwani, Raunak"]
[Black "Frolyanov, Dmitry"]
[Result "1/2-1/2"]
[WhiteTitle "FM"]
[BlackTitle "GM"]
[WhiteElo "2298"]
[BlackElo "2534"]
[WhiteFideId "35093487"]
[BlackFideId "4151976"]
[EventDate "2017.05.31"]

1. e4 c5 2. Nf3 d6 3. d4 cxd4 4. Nxd4 Nf6 5. Nc3 a6 6. h3 g6 7. g4 Bg7 8. Bg2
O-O 9. Be3 Nfd7 10. O-O Nc6 11. Qd2 Rb8 12. Rad1 Nxd4 13. Bxd4 Bxd4 14. Qxd4 b5
15. f4 Qb6 16. Nd5 Qxd4+ 17. Rxd4 Re8 18. Nc7 Rf8 19. Nd5 Re8 20. Nc7 Rf8 1/2-1/2

[Event "39th Nezhmetdinov Mem"]
[Site "Kazan RUS"]
[Date "2017.06.01"]
[Round "2.7"]
[White "Swapnil, S. Dhopade"]
[Black "Ovchinnikov, Vsevolod"]
[Result "1-0"]
[WhiteTitle "GM"]
[BlackTitle "FM"]
[WhiteElo "2533"]
[BlackElo "2319"]
[WhiteFideId "5019184"]
[BlackFideId "24176842"]
[EventDate "2017.05.31"]

1. e4 e6 2. d4 d5 3. Nd2 Nc6 4. Ngf3 Nf6 5. e5 Nd7 6. Be2 f6 7. exf6 Qxf6 8. Nf1
Bd6 9. Ne3 O-O 10. O-O Qg6 11. c4 Nf6 12. c5 Be7 13. Bb5 Bd7 14. a4 a6 15. Bxc6
Bxc6 16. Ne5 Qe8 17. Qc2 Nd7 18. N3g4 Bf6 19. Re1 Bxe5 20. Nxe5 Nxe5 21. Rxe5 h6
22. Bd2 Rf6 23. f3 Qg6 24. Qxg6 Rxg6 25. Bf4 Rf6 26. Bg3 Kf8 27. Re3 Rc8 28. b4
Bd7 29. Rc3 c6 30. Be5 Rf7 31. g4 Kg8 32. Kf2 Kh7 33. h4 g6 34. Rg1 Rg8 35. Rcc1
Be8 36. Ke3 Rgf8 37. Rg3 Bd7 38. Rh1 Be8 39. h5 g5 40. Bd6 Rg8 41. Rf1 Bd7 42.
Rg2 Rf6 43. Rgf2 Rf7 44. f4 gxf4+ 45. Rxf4 Rxf4 46. Rxf4 e5 47. Bxe5 Be6 48. Rf6
Re8 49. Kf3 Re7 50. Bf4 Bf7 51. Rxh6+ Kg7 52. g5 Re1 53. Be5+ Kf8 54. Rh8+ Bg8
55. h6 1-0

[Event "39th Nezhmetdinov Mem"]
[Site "Kazan RUS"]
[Date "2017.06.01"]
[Round "2.8"]
[White "Samusenko, Aleksandr V."]
[Black "Lintchevski, Daniil"]
[Result "0-1"]
[WhiteTitle "FM"]
[BlackTitle "GM"]
[WhiteElo "2281"]
[BlackElo "2532"]
[WhiteFideId "4181492"]
[BlackFideId "4171055"]
[EventDate "2017.05.31"]

1. d4 Nf6 2. Bf4 e6 3. e3 c5 4. Nd2 Nc6 5. c3 d5 6. Bd3 Be7 7. h3 Bd6 8. Bxd6
Qxd6 9. f4 cxd4 10. cxd4 Bd7 11. a3 Ne7 12. Qe2 Qb6 13. Ngf3 Qxb2 14. O-O Bc6
15. Ne5 O-O 16. Rfb1 Qc3 17. Nb3 Be8 18. Nc5 b5 19. g4 g6 20. Rc1 Qa5 21. Qf2
Rc8 22. Qh4 Kg7 23. Rf1 Neg8 24. Rac1 Qb6 25. f5 exf5 26. gxf5 Rd8 27. Rc2 Ne4
28. Bxe4 dxe4 29. fxg6 hxg6 30. Nxg6 fxg6 31. Rxf8 Kxf8 32. Rf2+ Bf7 33. Qxd8+
Qxd8 34. Ne6+ Ke8 35. Nxd8 Bd5 36. Rb2 a6 37. a4 bxa4 38. Rb6 a3 39. Rxa6 a2 40.
Nc6 Bxc6 41. Rxa2 Ne7 42. Kf2 Kf7 43. Ra5 Bd5 44. Ra6 Be6 45. Kg3 Nd5 46. Ra3
Kf6 47. h4 Ke7 48. Kf2 Nf6 49. Kg3 Nh5+ 50. Kf2 Ng7 51. Kg3 Nf5+ 52. Kf4 Nxh4
53. Kg5 Ng2 54. Kxg6 Bc4 55. Kf5 Bd3 56. Ke5 Nxe3 57. Ra7+ Kd8 58. d5 Nc4+ 59.
Kd4 Nd6 60. Ke3 Bc4 61. Ra5 Bd3 62. Kd4 Nf5+ 63. Kc3 Kd7 64. Kd2 Kd6 65. Kc3 Be2
66. Ra8 Kxd5 67. Re8 Bb5 68. Rb8 Bc6 69. Rc8 Nd6 70. Rh8 Ke5 71. Rh6 Bd5 72. Kd2
Nf5 73. Rh8 Kf4 74. Rf8 e3+ 75. Kd3 Bc4+ 76. Kc3 Bb5 77. Kc2 Ke4 78. Kd1 Nd4 0-1

[Event "39th Nezhmetdinov Mem"]
[Site "Kazan RUS"]
[Date "2017.06.01"]
[Round "2.9"]
[White "Moiseenko, Vadim"]
[Black "Smirnov, Timofey"]
[Result "1-0"]
[WhiteTitle "IM"]
[WhiteElo "2528"]
[BlackElo "2296"]
[WhiteFideId "4123700"]
[BlackFideId "24176427"]
[EventDate "2017.05.31"]

1. d4 d5 2. c4 c6 3. e3 Bf5 4. Bd3 Bxd3 5. Qxd3 Nf6 6. Nf3 e6 7. O-O Nbd7 8.
Nbd2 Be7 9. b3 O-O 10. Bb2 Qa5 11. a3 Rad8 12. Rfc1 Qc7 13. b4 a6 14. Rc2 Qb8
15. c5 Rc8 16. Rb1 Ne8 17. a4 Nc7 18. Ne5 Rfd8 19. Ndf3 Nf8 20. h3 f6 21. Ng4
Kf7 22. Ngh2 h5 23. h4 g6 24. Bc3 Nh7 25. Bd2 Rg8 26. Rcb2 f5 27. Ne5+ Kg7 28.
Nhf3 Rcd8 29. b5 axb5 30. Ba5 Bf6 31. axb5 Nxb5 32. Bxd8 Qxd8 33. Rxb5 cxb5 34.
Qxb5 Qc7 35. Qxb7 Rc8 36. Qa6 Rb8 37. Rxb8 Qxb8 38. Qxe6 1-0

[Event "39th Nezhmetdinov Mem"]
[Site "Kazan RUS"]
[Date "2017.06.01"]
[Round "2.10"]
[White "Filipenko, Alexander V"]
[Black "Maiorov, Nikita1"]
[Result "1/2-1/2"]
[WhiteTitle "IM"]
[BlackTitle "GM"]
[WhiteElo "2283"]
[BlackElo "2527"]
[WhiteFideId "4104471"]
[BlackFideId "13501720"]
[EventDate "2017.05.31"]

1. e4 e5 2. Nf3 Nc6 3. Bb5 a6 4. Ba4 Nf6 5. O-O Be7 6. d3 b5 7. Bb3 O-O 8. a4 b4
9. Re1 d6 10. a5 Be6 11. Nbd2 Qc8 12. Bc4 Rd8 13. h3 h6 14. Qe2 Bf8 15. Bxe6
fxe6 16. c3 Rb8 17. c4 Qd7 18. b3 Qf7 19. Bb2 Nd7 20. d4 exd4 21. Nxd4 Na7 22.
Qg4 Re8 23. f4 c5 24. N4f3 Nc6 25. e5 dxe5 26. fxe5 Be7 27. Ne4 Rf8 28. Ned2
Rfe8 29. Ne4 Rf8 30. Ned2 Rfe8 31. Ne4 1/2-1/2

[Event "39th Nezhmetdinov Mem"]
[Site "Kazan RUS"]
[Date "2017.06.02"]
[Round "3.1"]
[White "Khanin, Semen"]
[Black "Kokarev, Dmitry"]
[Result "0-1"]
[WhiteTitle "IM"]
[BlackTitle "GM"]
[WhiteElo "2434"]
[BlackElo "2640"]
[WhiteFideId "4111990"]
[BlackFideId "4132181"]
[EventDate "2017.05.31"]

1. e4 c5 2. Nf3 d6 3. d4 cxd4 4. Nxd4 Nf6 5. Nc3 a6 6. f3 e5 7. Nb3 Be6 8. Be3
Nbd7 9. g4 Be7 10. Qd2 O-O 11. O-O-O b5 12. g5 b4 13. gxf6 bxc3 14. Qxc3 Nxf6
15. Na5 Qe8 16. Nc6 Rc8 17. Nxe7+ Qxe7 18. Qa5 Rc6 19. Rg1 Rfc8 20. Kb1 Nh5 21.
Rg2 Bh3 22. Rgd2 Bxf1 23. Rxf1 h6 24. Rfd1 Qf6 25. Rf2 Qg6 26. Rfd2 Qf6 27. Rf2
Nf4 28. Bxf4 Qxf4 29. Qd2 Qf6 30. Qe3 Qe6 31. Rfd2 f5 32. Qb3 Qxb3 33. cxb3 fxe4
34. fxe4 Rd8 35. Rd5 g5 36. Rxe5 dxe5 37. Rxd8+ Kg7 38. Rd7+ Kg6 39. Re7 Kf6 40.
Rh7 Kg6 41. Re7 g4 42. Rxe5 h5 43. Re8 h4 44. a4 Kg5 45. Re5+ Kf4 46. Rh5 h3 47.
a5 Re6 48. b4 Re5 49. Rh7 Rb5 50. Rh6 Kg5 51. Rh8 Rxb4 52. Kc2 Rxe4 53. Kd3 Re5
54. b4 Kf4 55. Rh6 Re3+ 56. Kc4 Kg5 57. Rh8 Re2 58. Rg8+ Kf4 59. Rf8+ Ke4 60.
Re8+ Kf3 61. Rf8+ Kg2 62. Kd3 Rb2 63. Kc3 Rxb4 64. Kxb4 Kxh2 65. Rf6 g3 66. Rxa6
g2 0-1